Estadísticas para Países sin Acceso al Mar que Limitan con Otro País sin Acceso al Mar

Haz click aquí para tomar la prueba!

Estadísticas generales

  • Esta prueba ha sido tomada 2.714 veces
  • La puntuación promedio es 26 de 33

Estadísticas de respuestas

País% Correcto
Austria
91%
Bolivia
90%
Suiza
90%
República Checa
88%
Paraguay
88%
Eslovaquia
87%
Hungría
86%
Kazajistán
85%
Chad
85%
Uzbekistán
84%
Liechtenstein
83%
Níger
83%
Kirguistán
82%
Tayikistán
82%
Turkmenistán
81%
Serbia
80%
República
Centroafricana
79%
Kosovo
78%
Malí
78%
Sudán del Sur
77%
Afganistán
77%
Uganda
76%
Ruanda
76%
Macedonia
75%
Zambia
73%
Burundi
71%
Botsuana
70%
Zimbabue
70%
Burkina Faso
68%
Etiopía
66%
Malaui
65%
Armenia
62%
Azerbaiyán
61%

Distribución de puntuación

Porcentaje por número respondido

Porcentaje de gente con cada puntuación

Historial de tus puntuaciones

No has tomado esta prueba